000 01635nam a22001937a 4500
005 20260203151646.0
008 260129b ||||| |||| 00| 0 eng d
040 _cSSBUL
082 _223
_bT-34 Ph.D
100 0 _aThan Than Soe
_b2013 4PhD-Hist-6
_965836
245 1 0 _aHistory of Myanmar music in Mandalay( 1948-1988) /
_cThan Than Soe,
_hEnglish.
260 _aMandalay:
_bUniversity of Mandalay,
_c2013.
300 _axii, 163 p. ,
_bIncluded images.
_c29 cm.
502 _aThis dissertation examines the development of Myanmar music of Mandalay from 1948 to 1988. In the research works, the nature of Myanmar music and its development, Mandalay musicians and their works, celebrated performers of Mandalay and their socio-economic life, music bands and stage performances of Mandalay called A -nyeint and development of A-nyeint songs are discussed in detail. The facts of why Mandalay was recognized as the heart of Myanmar culture, how the musicians of Mandalay handed down the cultural legacy from generation to generation and why the development process of Myanmar music shifted to Yangon and Lower Myanmar were also discussed. In other words, the discussion made on the role of Mandalay in the development of music and culture of Myanmar.
_bPhD
_cUniversity of Mandalay
_d2013.
504 _aIncluded bibliography.
505 _aIntroduction Chapters 1. The general conditions of Myanmar music before 1948 2. Musicians of Mandalay 3. Famous vocalists and the development of Myanmar music 4. Art associations of Mandalay Conclusion.
650 _aMyanmar music
_zMandalay
_xHistory
_y1948 to 1988.
_965837
942 _2ddc
_cREF
999 _c47353
_d47353